[Event "Macieja Memorial"]
[Site "Warsaw POL"]
[Date "2024.07.08"]
[Round "9.36"]
[White "Pietrzak, Wojciech"]
[Black "Adamski, Jan"]
[Result "0-1"]
[WhiteElo "1870"]
[BlackElo "1989"]
[EventDate "2024.07.08"]
[PlyCount "102"]

1.e4 c5 2.Nf3 a6 3.c3 g6 4.d4 cxd4 5.cxd4 d5 6.exd5 Nf6 7.Nc3 Bg7 8.Be2 O-O 
9.O-O Nxd5 10.Be3 Nc6 11.Rc1 Nxe3 12.fxe3 Bh6 13.Qd2 e5 14.d5 Ne7 15.Nxe5 Nf5 
16.Ng4 Bg7 17.e4 Nd6 18.e5 Bxg4 19.Bxg4 Bxe5 20.Rce1 Re8 21.Bf3 Nc4 22.Qc2 Qb6+ 
23.Kh1 Qxb2 24.Qxb2 Nxb2 25.Ne4 Nc4 26.Be2 Ne3 27.Rf3 Nf5 28.g4 Nd6 29.Nc5 Re7 
30.Ref1 Rae8 31.Bd3 Bd4 32.Nb3 Bb6 33.Nd2 Bd4 34.Nb3 Be5 35.Nc5 Kg7 36.a4 a5 
37.Nb3 b6 38.Nd2 Rc8 39.Nb3 Rc3 40.Bb1 Rxf3 41.Rxf3 Rc7 42.Kg2 Rc4 43.Re3 f6 
44.g5 Rxa4 45.gxf6+ Kxf6 46.Nd2 Rb4 47.Bd3 Bf4 48.Rf3 Ke5 49.Nf1 Rb2+ 50.Kh3 
Nf7 51.Ng3 Ng5+ 0-1

[Event "Macieja Memorial"]
[Site "Warsaw POL"]
[Date "2024.07.08"]
[Round "9.37"]
[White "Haladaj, Adam"]
[Black "Zebracki, Tomasz"]
[Result "0-1"]
[WhiteElo "1773"]
[BlackElo "2048"]
[EventDate "2024.07.08"]
[PlyCount "76"]

1.Nf3 Nf6 2.c4 c6 3.g3 d5 4.Bg2 Bf5 5.O-O e6 6.Qb3 Qb6 7.d3 h6 8.Nbd2 Nbd7 
9.Qc2 Be7 10.b3 O-O 11.Bb2 a5 12.a3 Rac8 13.Rac1 Bh7 14.Rfd1 Qc7 15.cxd5 exd5 
16.Nf1 Rfe8 17.Qd2 Qb6 18.Qc3 Nc5 19.Nd4 Red8 20.Ne3 Ncd7 21.Nf1 Ne8 22.Ne6 
fxe6 23.Qc2 Bf6 24.Bxf6 Nexf6 25.Ne3 e5 26.Qb2 Bg6 27.d4 e4 28.Nf1 Bf5 29.e3 
Bg4 30.Rd2 Qc7 31.Rdc2 Qd6 32.b4 axb4 33.axb4 Ra8 34.b5 Qa3 35.Qb1 cxb5 36.Qxb5 
b6 37.Qc6 Rab8 38.Qd6 Qxd6 0-1

[Event "Macieja Memorial"]
[Site "Warsaw POL"]
[Date "2024.07.08"]
[Round "9.38"]
[White "Szarwacki, Dominik"]
[Black "Kanarek, Marcel"]
[Result "0-1"]
[WhiteElo "1897"]
[BlackElo "2389"]
[EventDate "2024.07.08"]
[PlyCount "80"]

1.e4 c5 2.b4 cxb4 3.d4 d6 4.a3 bxa3 5.Nxa3 Nf6 6.Bd3 g6 7.Nf3 Bg7 8.O-O O-O 
9.Nb5 a6 10.c4 Bg4 11.h3 Bxf3 12.Qxf3 Nc6 13.Nc3 Nxd4 14.Qe3 Nb3 15.Rb1 Nxc1 
16.Rfxc1 Nd7 17.Na4 Qa5 18.Nb6 Nxb6 19.Qxb6 Qxb6 20.Rxb6 a5 21.c5 dxc5 22.Rxb7 
a4 23.Bc4 a3 24.Ba2 e6 25.Rxc5 Rab8 26.Rxb8 Rxb8 27.Ra5 Bf8 28.h4 Rb2 29.Bc4 h5 
30.f3 Be7 31.g3 Rc2 32.Bb3 Rc3 33.Ba2 Rxf3 34.Kg2 Re3 35.Kf2 Rxe4 36.Kf3 Rd4 
37.Ra8+ Kg7 38.Ra7 Kf6 39.Ke3 Rd8 40.Ra4 Rb8 0-1

[Event "Macieja Memorial"]
[Site "Warsaw POL"]
[Date "2024.07.08"]
[Round "9.39"]
[White "Kowalski, Witold"]
[Black "Zawadzka, Beata"]
[Result "0-1"]
[WhiteElo "1867"]
[BlackElo "2329"]
[EventDate "2024.07.08"]
[PlyCount "78"]

1.e4 c5 2.Nf3 d6 3.d4 cxd4 4.Nxd4 Nf6 5.Nc3 a6 6.h3 e6 7.g4 b5 8.Bg2 Bb7 9.a3 
Be7 10.g5 Nfd7 11.Be3 Nb6 12.h4 Nc4 13.Bc1 Nd7 14.b3 Qa5 15.Qf3 Nce5 16.Qg3 Rc8 
17.Bd2 Qb6 18.Nde2 Nc6 19.f4 Nd4 20.Rc1 Nxe2 21.Nxe2 Qc5 22.Bb4 Qb6 23.Qf2 Nc5 
24.Qe3 Qc7 25.O-O a5 26.Bd2 O-O 27.Nd4 Rfd8 28.Nxb5 Qb6 29.Nd4 d5 30.e5 Bf8 
31.Kh2 Ba6 32.Rfe1 Nd7 33.f5 exf5 34.Nxf5 Bxa3 35.Ra1 Bb4 36.Qxb6 Nxb6 37.Bxb4 
Rxc2 38.Bxa5 Rb8 39.Rac1 Ra2 0-1

[Event "Macieja Memorial"]
[Site "Warsaw POL"]
[Date "2024.07.08"]
[Round "9.40"]
[White "Pancewicz, Szymon"]
[Black "Chmiel, Marcin"]
[Result "1-0"]
[WhiteElo "1896"]
[BlackElo "2038"]
[EventDate "2024.07.08"]
[PlyCount "62"]

1.e4 e5 2.Bc4 Nc6 3.Qf3 Nf6 4.Ne2 Bc5 5.Nbc3 d6 6.h3 a6 7.d3 h6 8.g4 Na5 9.g5 
hxg5 10.Bxg5 Nxc4 11.dxc4 c6 12.O-O-O Be6 13.Na4 Ba7 14.Bxf6 Qxf6 15.Qxf6 gxf6 
16.Rxd6 Bxf2 17.c5 Rd8 18.Rxd8+ Kxd8 19.b4 Rxh3 20.Rxh3 Bxh3 21.Kd2 f5 22.Nec3 
Bd4 23.Ne2 fxe4 24.Ng3 f5 25.Nc3 Bxc3+ 26.Kxc3 Ke7 27.a4 Ke6 28.Kc4 Bg2 29.b5 
axb5+ 30.axb5 f4 31.Nh5 Bf1+ 1-0

[Event "Macieja Memorial"]
[Site "Warsaw POL"]
[Date "2024.07.08"]
[Round "9.41"]
[White "Leszczewicz, Karol"]
[Black "Lewandrowski, Tomasz"]
[Result "1-0"]
[WhiteElo "1851"]
[BlackElo "2000"]
[EventDate "2024.07.08"]
[PlyCount "59"]

1.d4 Nf6 2.Nf3 e6 3.Bg5 h6 4.Bh4 d5 5.e3 Be7 6.Nbd2 O-O 7.Bd3 b6 8.O-O Bb7 
9.Ne5 Nfd7 10.Bxe7 Qxe7 11.f4 f6 12.Ng6 Qb4 13.Nxf8 Nxf8 14.Rb1 Nbd7 15.c3 Qd6 
16.Qg4 e5 17.fxe5 fxe5 18.Qf5 e4 19.Be2 Nf6 20.c4 Qb4 21.Rfd1 Re8 22.a3 Qa4 
23.cxd5 Bxd5 24.Rbc1 Be6 25.Qb5 Qxb5 26.Bxb5 Re7 27.Nc4 Ng4 28.h3 Bxc4 29.Bxc4+ 
Kh8 30.hxg4 1-0

[Event "Macieja Memorial"]
[Site "Warsaw POL"]
[Date "2024.07.08"]
[Round "9.42"]
[White "Wiech, Grzegorz"]
[Black "Kryston, Aleksander"]
[Result "1-0"]
[WhiteElo "1997"]
[BlackElo "1737"]
[EventDate "2024.07.08"]
[PlyCount "45"]

1.e4 c5 2.Nf3 d6 3.d4 cxd4 4.Nxd4 Nf6 5.Nc3 a6 6.Bg5 Nbd7 7.Qe2 Qc7 8.O-O-O h6 
9.Bh4 e6 10.f4 Be7 11.Bg3 O-O 12.e5 dxe5 13.fxe5 Ne8 14.Qh5 b5 15.Bd3 Nc5 
16.Ne4 Bb7 17.Nf6+ gxf6 18.exf6 Nxf6 19.Qxh6 Nxd3+ 20.Rxd3 Qc4 21.Be5 Be4 
22.Rh3 Bh7 23.Bxf6 1-0

[Event "Macieja Memorial"]
[Site "Warsaw POL"]
[Date "2024.07.08"]
[Round "9.43"]
[White "Hury, Tymoteusz"]
[Black "Majek, Kacper"]
[Result "0-1"]
[WhiteElo "1846"]
[BlackElo "1996"]
[EventDate "2024.07.08"]
[PlyCount "76"]

1.g3 d5 2.Bg2 c5 3.c3 Nf6 4.d4 Nc6 5.Nf3 e6 6.O-O Be7 7.Bg5 Qb6 8.dxc5 Qxc5 
9.Nbd2 O-O 10.Nb3 Qd6 11.Qc2 h6 12.Be3 e5 13.Bc5 Qc7 14.Bxe7 Qxe7 15.Rad1 Be6 
16.Nh4 g6 17.Nf3 Rfd8 18.e3 Bf5 19.Qe2 Qe6 20.Nc5 Qe7 21.Nb3 a6 22.Nfd2 Bg4 
23.f3 Be6 24.e4 d4 25.cxd4 Nxd4 26.Nxd4 Rxd4 27.f4 Qc5 28.Qf2 Ng4 29.Rc1 Qa7 
30.Qe1 Rxd2+ 31.Kh1 Rxg2 32.Kxg2 Ne3+ 33.Kh1 Nxf1 34.Qxf1 Qd4 35.Qf3 Rd8 36.Re1 
f5 37.Re2 fxe4 38.Qf1 Bc4 0-1

[Event "Macieja Memorial"]
[Site "Warsaw POL"]
[Date "2024.07.08"]
[Round "9.44"]
[White "Charvi, A"]
[Black "Klim, Filip"]
[Result "0-1"]
[WhiteElo "1826"]
[BlackElo "1993"]
[EventDate "2024.07.08"]
[PlyCount "74"]

1.e4 c5 2.Nf3 d6 3.d4 cxd4 4.Nxd4 Nf6 5.Nc3 a6 6.f3 e5 7.Nb3 Be6 8.Bg5 Be7 
9.Qd2 Nbd7 10.O-O-O h6 11.Be3 Rc8 12.Kb1 b5 13.g4 Nb6 14.Bxb6 Qxb6 15.Nd5 Bxd5 
16.exd5 Qc7 17.Bh3 Nd7 18.f4 exf4 19.Rhe1 Ne5 20.Rxe5 dxe5 21.d6 Bxd6 22.Qxd6 
Qxd6 23.Rxd6 e4 24.Kc1 Rd8 25.Rd4 Rxd4 26.Nxd4 Ke7 27.c3 Kf6 28.Kd2 Re8 29.Ke2 
Kg5 30.Nf5 g6 31.Nd6 Re7 32.Nc8 Re6 33.Bg2 Kxg4 34.Kf2 f3 35.Bf1 e3+ 36.Ke1 e2 
37.h3+ Kg3 0-1

[Event "Macieja Memorial"]
[Site "Warsaw POL"]
[Date "2024.07.08"]
[Round "9.45"]
[White "Celinski, Kamil"]
[Black "Stefaniuk, Zbigniew"]
[Result "1-0"]
[WhiteElo "1927"]
[BlackElo "1803"]
[EventDate "2024.07.08"]
[PlyCount "71"]

1.c4 c5 2.g3 g6 3.Bg2 Bg7 4.Nc3 Nc6 5.Nf3 Nf6 6.d4 cxd4 7.Nxd4 O-O 8.O-O Nxd4 
9.Qxd4 d6 10.Qd3 a6 11.Bg5 Rb8 12.a4 Bf5 13.Qd2 Be6 14.b3 Nd7 15.Rab1 Nc5 16.b4 
Bxc3 17.Qxc3 Nxa4 18.Qa1 b5 19.cxb5 axb5 20.Bh6 f6 21.Bxf8 Kxf8 22.Qd4 Rc8 
23.Rfc1 Bc4 24.Bf3 Qb6 25.Qxb6 Nxb6 26.Ra1 Na4 27.Bd5 Nb6 28.Bxc4 bxc4 29.Ra6 
Nd5 30.b5 c3 31.Rc6 Rb8 32.e4 Nb4 33.R6xc3 Rxb5 34.Rc8+ Kf7 35.Rh8 Kg7 36.Rcc8 1-0

[Event "Macieja Memorial"]
[Site "Warsaw POL"]
[Date "2024.07.08"]
[Round "9.46"]
[White "Galczynski, Maksymilian"]
[Black "Kicinski, Jacek"]
[Result "1-0"]
[WhiteElo "1790"]
[BlackElo "1915"]
[EventDate "2024.07.08"]
[PlyCount "69"]

1.e4 c6 2.d4 d5 3.e5 Bf5 4.Ne2 e6 5.Ng3 Bg6 6.h4 h6 7.h5 Bh7 8.Bd3 Bxd3 9.cxd3 
c5 10.dxc5 Bxc5 11.d4 Bb4+ 12.Nc3 Nc6 13.Qg4 Kf8 14.O-O Nge7 15.a3 Bxc3 16.bxc3 
Qd7 17.f4 Nf5 18.Nxf5 exf5 19.Qf3 Nd8 20.a4 g6 21.Ba3+ Kg7 22.Bd6 Ne6 23.Qxd5 
Rac8 24.Qb3 Qd8 25.hxg6 Kxg6 26.Rf3 Rg8 27.Qxb7 Qh4 28.Be7 Qg4 29.Kf2 Kh7 
30.Bf6 Rcf8 31.g3 Nxf4 32.gxf4 Qg2+ 33.Ke3 Rg3 34.Rf1 Rfg8 35.Qxf7+ 1-0

[Event "Macieja Memorial"]
[Site "Warsaw POL"]
[Date "2024.07.08"]
[Round "9.47"]
[White "Izafatava, Kira"]
[Black "Jaszczuk, Piotr"]
[Result "1-0"]
[WhiteElo "1728"]
[BlackElo "1915"]
[EventDate "2024.07.08"]
[PlyCount "64"]

1.e4 c5 2.Nf3 Nc6 3.d4 cxd4 4.Nxd4 Nf6 5.Nc3 e5 6.Ndb5 d6 7.Bg5 a6 8.Na3 b5 
9.Nd5 Be7 10.Bxf6 Bxf6 11.c3 Bg5 12.Nc2 Rb8 13.Bd3 O-O 14.h4 Bh6 15.g4 Bf4 
16.Qf3 Re8 17.Nxf4 exf4 18.Qxf4 Ne5 19.Be2 d5 20.O-O-O Bb7 21.Nb4 Ng6 22.Qg3 
Rxe4 23.Bf3 Re5 24.Bxd5 Bxd5 25.Rxd5 Rxd5 26.Nxd5 Rc8 27.Rd1 h6 28.h5 Nf8 
29.Qe5 Ne6 30.f4 Qe8 31.f5 Nc5 32.Ne7+ Kh7 1-0

[Event "Macieja Memorial"]
[Site "Warsaw POL"]
[Date "2024.07.08"]
[Round "9.48"]
[White "Binkowska, Agata"]
[Black "Businski, Karol"]
[Result "0-1"]
[WhiteElo "1912"]
[BlackElo "1595"]
[EventDate "2024.07.08"]
[PlyCount "60"]

1.e4 c5 2.Nf3 d6 3.d4 cxd4 4.Nxd4 Nf6 5.Nc3 a6 6.Bg5 Nbd7 7.Qd2 Qc7 8.f4 e6 
9.O-O-O b5 10.Bd3 Be7 11.Rhe1 Bb7 12.g4 Nxg4 13.Bxe7 Kxe7 14.Rg1 h5 15.h3 Ngf6 
16.Rxg7 b4 17.Nd5+ Nxd5 18.exd5 Bxd5 19.Bg6 Rhf8 20.Nf5+ Kf6 21.Qd4+ e5 22.Qxd5 
fxg6 23.Rg1 Rac8 24.R7xg6+ Kxf5 25.R1g5+ Kxf4 26.Qd2+ Ke4 27.Qe2+ Kd5 28.Qg2+ 
Kc5 29.Rxh5 Kb6 30.Rhh6 Rf1+ 0-1

[Event "Macieja Memorial"]
[Site "Warsaw POL"]
[Date "2024.07.08"]
[Round "9.49"]
[White "Komisarski, Jerzy"]
[Black "Mizzi, Jack"]
[Result "0-1"]
[WhiteElo "1770"]
[BlackElo "2127"]
[EventDate "2024.07.08"]
[PlyCount "39"]

1.d4 d5 2.c4 e6 3.Nc3 Nf6 4.Bg5 Be7 5.Nf3 O-O 6.e3 Ne4 7.Bxe7 Qxe7 8.cxd5 Nxc3 
9.bxc3 exd5 10.Bd3 Nd7 11.h4 Nf6 12.Ne5 Ne4 13.Qc2 f5 14.f3 Nd6 15.g4 c5 16.Kd2 
c4 17.Be2 b5 18.Rag1 fxg4 19.Nxg4 Bf5 20.Qb2 0-1

[Event "Macieja Memorial"]
[Site "Warsaw POL"]
[Date "2024.07.08"]
[Round "9.50"]
[White "Czajkowski, Adam"]
[Black "Obukhava, Anastasiya"]
[Result "0-1"]
[WhiteElo "2084"]
[BlackElo "1770"]
[EventDate "2024.07.08"]
[PlyCount "50"]

1.e4 c5 2.Nf3 e6 3.d4 cxd4 4.Nxd4 a6 5.Bd3 Qc7 6.O-O Nf6 7.Qe2 d6 8.b3 b6 9.Bb2 
Bb7 10.c4 Be7 11.Nd2 Nbd7 12.Kh1 O-O 13.f4 Nc5 14.Bc2 d5 15.e5 Nfe4 16.Nxe4 
Nxe4 17.f5 Qxe5 18.Bxe4 Qxe4 19.Qxe4 dxe4 20.fxe6 Bf6 21.Rxf6 gxf6 22.e7 Rfe8 
23.Nf5 Bc8 24.Nd6 Rxe7 25.Re1 f5 0-1

[Event "Macieja Memorial"]
[Site "Warsaw POL"]
[Date "2024.07.08"]
[Round "9.51"]
[White "Starosta, Martyna"]
[Black "Wasiluk, Mateusz"]
[Result "1-0"]
[WhiteElo "2037"]
[BlackElo "1767"]
[EventDate "2024.07.08"]
[PlyCount "77"]

1.e4 c5 2.Nf3 d6 3.d4 cxd4 4.Nxd4 Nf6 5.Nc3 a6 6.Bg5 e6 7.f4 Be7 8.Qf3 Qc7 
9.O-O-O Nbd7 10.g4 h6 11.Bxf6 Bxf6 12.h4 Nb6 13.Be2 Bd7 14.g5 Be7 15.g6 fxg6 
16.Qg3 O-O-O 17.Qxg6 Bf6 18.f5 exf5 19.exf5 Rhe8 20.Rh3 Kb8 21.Rhd3 Nc4 22.Nd5 
Qa5 23.Nc3 Qb4 24.Nb3 Nxb2 25.Kxb2 Rxe2 26.a3 Qe4 27.Qxf6 gxf6 28.Nxe4 Rxe4 
29.Rxd6 Kc7 30.Nc5 Re7 31.Ne6+ Kc8 32.Nxd8 Kxd8 33.Rxf6 Ke8 34.Rxh6 Re5 35.Rh8+ 
Ke7 36.Rh7+ Kf6 37.Rhxd7 Rb5+ 38.Kc3 Kxf5 39.R7d5+ 1-0

[Event "Macieja Memorial"]
[Site "Warsaw POL"]
[Date "2024.07.08"]
[Round "9.52"]
[White "Zbrzezny, Aleksander"]
[Black "Wiatrowski, Blazej"]
[Result "1-0"]
[WhiteElo "2016"]
[BlackElo "1750"]
[EventDate "2024.07.08"]
[PlyCount "69"]

1.d4 Nf6 2.c4 g6 3.Nc3 d6 4.e4 Nbd7 5.f3 Bg7 6.Be3 O-O 7.Qd2 Re8 8.Bd3 e5 9.d5 
Nh5 10.g4 Nhf6 11.h4 h5 12.gxh5 Nxh5 13.Nge2 Ndf6 14.O-O-O Nh7 15.Rdg1 a6 
16.Ng3 N7f6 17.Nce2 Bd7 18.Nxh5 Nxh5 19.Ng3 Nxg3 20.Rxg3 Bf6 21.h5 Bh4 22.Rg2 
g5 23.Bxg5 Bxg5 24.Rxg5+ Kh7 25.Rhg1 Qf6 26.f4 Rg8 27.fxe5 Rxg5 28.Rxg5 dxe5 
29.Qg2 Qf4+ 30.Kc2 Ba4+ 31.b3 Be8 32.c5 f6 33.Rg7+ Kh6 34.Rxc7 Bxh5 35.Qg7# 1-0

[Event "Macieja Memorial"]
[Site "Warsaw POL"]
[Date "2024.07.08"]
[Round "9.53"]
[White "Sanz Losada, Victoriano"]
[Black "Krogulski, Maksymilian"]
[Result "1-0"]
[WhiteElo "1999"]
[BlackElo "1746"]
[EventDate "2024.07.08"]
[PlyCount "75"]

1.d4 d5 2.c4 c6 3.Nf3 e6 4.cxd5 exd5 5.Qc2 Nf6 6.Bg5 Be7 7.Nc3 O-O 8.e3 h6 
9.Bf4 Bg4 10.Bd3 Bd6 11.Ne5 Be6 12.h3 Qc7 13.g4 Nbd7 14.Nxd7 Qxd7 15.Be5 a6 
16.Bxf6 gxf6 17.e4 Rae8 18.O-O-O Bf4+ 19.Kb1 dxe4 20.Nxe4 Qd8 21.f3 Bd5 22.Bc4 
Bxe4 23.fxe4 Qe7 24.Rde1 Qc7 25.Rhf1 Kh8 26.Rf3 Bg5 27.Qf2 b5 28.Bd3 f5 29.Rxf5 
Rd8 30.h4 Be7 31.Rxf7 Rxf7 32.Qxf7 Bd6 33.Qf6+ Kg8 34.Bc2 Be7 35.Bb3+ Kh7 
36.Qf7+ Kh8 37.Qg6 Rd6 38.Qg8# 1-0

[Event "Macieja Memorial"]
[Site "Warsaw POL"]
[Date "2024.07.08"]
[Round "9.54"]
[White "Zaninotto, Franco"]
[Black "Mocny, Stanislaw"]
[Result "1-0"]
[WhiteElo "1961"]
[BlackElo "1738"]
[EventDate "2024.07.08"]
[PlyCount "31"]

1.e4 e5 2.Nf3 Nc6 3.Nc3 Nf6 4.Bb5 Nd4 5.Bc4 Nxe4 6.Bxf7+ Kxf7 7.Nxe4 Nc6 8.d4 
Qe8 9.dxe5 g6 10.Qd5+ Kg7 11.Bg5 Be7 12.Bf6+ Bxf6 13.exf6+ Kf8 14.O-O d6 
15.Neg5 h6 16.Rfe1 1-0

[Event "Macieja Memorial"]
[Site "Warsaw POL"]
[Date "2024.07.08"]
[Round "9.55"]
[White "Lecki, Leonard"]
[Black "Czech, Franciszek"]
[Result "1-0"]
[WhiteElo "1941"]
[BlackElo "1730"]
[EventDate "2024.07.08"]
[PlyCount "67"]

1.e4 c5 2.Nf3 e6 3.d4 cxd4 4.Nxd4 Nc6 5.Nc3 Qc7 6.Ndb5 Qb8 7.Be3 a6 8.Bb6 axb5 
9.Nxb5 Bb4+ 10.c3 Ba5 11.Nc7+ Qxc7 12.Bxc7 Bxc7 13.Bd3 Nf6 14.O-O O-O 15.a4 d5 
16.Re1 Rd8 17.Qc2 dxe4 18.Bxe4 Nxe4 19.Qxe4 Ra5 20.Red1 Rad5 21.Qc2 Ne7 22.b4 
b6 23.h3 Bb7 24.Rxd5 Nxd5 25.Rd1 Ra8 26.g3 Be5 27.Rd3 Rc8 28.a5 Nxb4 29.cxb4 h6 
30.Qxc8+ Bxc8 31.Rd8+ Kh7 32.Rxc8 bxa5 33.bxa5 Bc3 34.Rxc3 1-0

[Event "Macieja Memorial"]
[Site "Warsaw POL"]
[Date "2024.07.08"]
[Round "9.56"]
[White "Pesko, Tomasz"]
[Black "Kuznik, Kamil"]
[Result "0-1"]
[WhiteElo "1937"]
[BlackElo "1717"]
[EventDate "2024.07.08"]
[PlyCount "50"]

1.e4 c5 2.d3 Nc6 3.f4 g6 4.g3 Bg7 5.Bg2 d6 6.Nf3 Nf6 7.c3 O-O 8.O-O Bd7 9.Nbd2 
Rc8 10.Qe2 a6 11.a4 b5 12.axb5 axb5 13.e5 Ne8 14.exd6 exd6 15.Ne4 b4 16.Bd2 Qb6 
17.Kh1 d5 18.Neg5 h6 19.Nh3 Nf6 20.Nf2 Rfe8 21.Qd1 Ng4 22.Nxg4 Bxg4 23.h3 Bd7 
24.Re1 Rxe1+ 25.Qxe1 Re8 0-1

[Event "Macieja Memorial"]
[Site "Warsaw POL"]
[Date "2024.07.08"]
[Round "10.1"]
[White "Pakleza, Zbigniew"]
[Black "Klimkowski, Jan"]
[Result "1/2-1/2"]
[WhiteElo "2405"]
[BlackElo "2372"]
[EventDate "2024.07.08"]
[PlyCount "25"]

1.d4 Nf6 2.Nf3 d5 3.Bf4 e6 4.e3 c5 5.c3 Bd6 6.Bg3 O-O 7.Nbd2 Qc7 8.Be2 Nbd7 
9.c4 cxd4 10.Nxd4 Bxg3 11.hxg3 dxc4 12.Nxc4 Nb6 13.Rc1 1/2-1/2

[Event "Macieja Memorial"]
[Site "Warsaw POL"]
[Date "2024.07.08"]
[Round "10.2"]
[White "Kosakowski, Jakub"]
[Black "Piorun, Kacper"]
[Result "0-1"]
[WhiteElo "2494"]
[BlackElo "2528"]
[EventDate "2024.07.08"]
[PlyCount "100"]

1.e4 e6 2.d4 d5 3.Nd2 h6 4.Ngf3 Nf6 5.e5 Nfd7 6.Bd3 c5 7.c3 Nc6 8.O-O g5 9.b3 
a5 10.Bb2 a4 11.bxa4 c4 12.Bc2 Qa5 13.Ne1 Nb6 14.f4 Nxa4 15.Bxa4 Qxa4 16.Qh5 
gxf4 17.Rxf4 Nd8 18.Ndf3 Rg8 19.Bc1 Qa5 20.Bd2 Qb6 21.Nh4 Qb2 22.Qd1 Rxa2 
23.Rxa2 Qxa2 24.Nc2 Bd7 25.Ne3 Be7 26.Nf3 h5 27.h4 Ba4 28.Qe1 b5 29.Ng5 Bc2 
30.Qf2 Bg6 31.Kh2 Qb2 32.Nd1 Qb1 33.Ne3 Rg7 34.Nf3 Nc6 35.Ng5 b4 36.cxb4 Nxb4 
37.Bxb4 Qxb4 38.Nxd5 exd5 39.e6 Bd6 40.exf7+ Bxf7 41.Qe3+ Kf8 42.g3 Bxf4 
43.Qxf4 Kg8 44.Qf6 Qf8 45.Qc6 Qe7 46.Qc8+ Qe8 47.Qa6 Qe2+ 48.Kg1 Qe3+ 49.Kh2 
Rxg5 50.hxg5 Qxg5 0-1

[Event "Macieja Memorial"]
[Site "Warsaw POL"]
[Date "2024.07.08"]
[Round "10.3"]
[White "Fridman, Daniel"]
[Black "Bogdanov, Egor"]
[Result "1-0"]
[WhiteElo "2474"]
[BlackElo "2349"]
[EventDate "2024.07.08"]
[PlyCount "49"]

1.Nf3 Nf6 2.g3 g6 3.Bg2 Bg7 4.d4 O-O 5.c4 d6 6.Nc3 Nc6 7.O-O Bf5 8.b3 Ne4 9.Bb2 
Nxc3 10.Bxc3 Be4 11.Rc1 d5 12.e3 e6 13.Qe2 Qd7 14.Rfd1 Rfd8 15.Bh3 Bxf3 16.Qxf3 
Qe7 17.b4 Nxb4 18.Bxb4 Qxb4 19.cxd5 Rxd5 20.Rxc7 Rf8 21.Rdc1 Qb6 22.Re7 Rd6 
23.Rxb7 Qa5 24.Rcc7 Qd5 25.Rxf7 1-0

[Event "Macieja Memorial"]
[Site "Warsaw POL"]
[Date "2024.07.08"]
[Round "10.4"]
[White "Sengupta, Deep"]
[Black "Peng, Li Min"]
[Result "1-0"]
[WhiteElo "2350"]
[BlackElo "2425"]
[EventDate "2024.07.08"]
[PlyCount "65"]

1.e4 Nc6 2.Nf3 e5 3.Bb5 f5 4.d3 fxe4 5.dxe4 Nf6 6.O-O d6 7.Nc3 Bg4 8.Qd3 a6 
9.Ba4 Be7 10.h3 Bxf3 11.Qxf3 O-O 12.Be3 Nd5 13.Qe2 Nxc3 14.bxc3 Kh8 15.Rab1 Qc8 
16.Qg4 Qxg4 17.hxg4 Nd8 18.g3 b6 19.Kg2 Ne6 20.Bb3 Nc5 21.Bd5 Rab8 22.Rh1 Nd7 
23.g5 g6 24.Rh6 Kg7 25.Rbh1 Rh8 26.f4 Rbf8 27.c4 a5 28.Bc1 Bd8 29.Bb2 Re8 
30.Bc6 Re7 31.Bxd7 Rxd7 32.fxe5 Bxg5 33.e6+ 1-0

[Event "Macieja Memorial"]
[Site "Warsaw POL"]
[Date "2024.07.08"]
[Round "10.5"]
[White "Maltsevskaya, Aleksandra"]
[Black "Kazakouski, Valery"]
[Result "0-1"]
[WhiteElo "2288"]
[BlackElo "2599"]
[EventDate "2024.07.08"]
[PlyCount "40"]

1.e4 c5 2.Nf3 a6 3.c3 e6 4.d4 d5 5.exd5 exd5 6.Bd3 c4 7.Be2 Bd6 8.b3 b5 9.a4 
Bb7 10.axb5 axb5 11.Rxa8 Bxa8 12.bxc4 dxc4 13.O-O Ne7 14.Ne5 O-O 15.Ba3 Nbc6 
16.Nxc6 Bxc6 17.Bf3 Nd5 18.Qc1 Nf4 19.Bxd6 Qxd6 20.Bxc6 Ne2+ 0-1

[Event "Macieja Memorial"]
[Site "Warsaw POL"]
[Date "2024.07.08"]
[Round "10.6"]
[White "Zatonskih, Anna"]
[Black "Kacprzak, Karol"]
[Result "0-1"]
[WhiteElo "2324"]
[BlackElo "2308"]
[EventDate "2024.07.08"]
[PlyCount "100"]

1.e4 c5 2.g3 Nc6 3.Bg2 g6 4.d3 Bg7 5.f4 d6 6.Nf3 e6 7.O-O Nge7 8.c3 O-O 9.Be3 
b6 10.Bf2 Bb7 11.a4 d5 12.e5 d4 13.c4 Nf5 14.Qe2 Nb4 15.Na3 Qd7 16.b3 Rad8 
17.Rfd1 Bc6 18.g4 Ne3 19.Bxe3 dxe3 20.Qxe3 Bxf3 21.Bxf3 Qd4 22.Qxd4 Rxd4 23.Be4 
g5 24.f5 exf5 25.Bxf5 Bxe5 26.Rab1 a6 27.Re1 Bf6 28.Rbd1 Rfd8 29.Re3 Kg7 30.Kg2 
Rf4 31.Rf3 Rfd4 32.Rdf1 R8d6 33.Rd1 Be5 34.Nb1 Rf4 35.Rxf4 gxf4 36.Kf3 Nc2 
37.Nd2 Rd8 38.Kf2 Bd4+ 39.Kf3 Be3 40.Ne4 Nd4+ 41.Kg2 Nxb3 42.Nc3 Nd4 43.Be4 Rd6 
44.Nd5 b5 45.axb5 axb5 46.cxb5 Nxb5 47.Ne7 Ra6 48.Nf5+ Kf6 49.h4 Ra2+ 50.Kh3 
Nc3 0-1

[Event "Macieja Memorial"]
[Site "Warsaw POL"]
[Date "2024.07.08"]
[Round "10.7"]
[White "Socko, Bartosz"]
[Black "Seemann, Jakub"]
[Result "1-0"]
[WhiteElo "2552"]
[BlackElo "2358"]
[EventDate "2024.07.08"]
[PlyCount "85"]

1.g3 Nf6 2.Bg2 e6 3.d4 d5 4.Nf3 b5 5.O-O Be7 6.a4 b4 7.c4 bxc3 8.Nxc3 O-O 9.Bf4 
a5 10.Nb5 c6 11.Nc7 Ra7 12.Nxd5 cxd5 13.Bxb8 Rb7 14.Bf4 Rxb2 15.Ne5 Ba6 16.Bf3 
Ne4 17.Nc6 Qd7 18.Qc1 Rb3 19.Bxe4 dxe4 20.Qc2 Rb6 21.Nxe7+ Qxe7 22.Qxe4 Rb4 
23.Rfc1 Bb7 24.Qe5 Rd8 25.Qxa5 Rbxd4 26.Be3 R4d5 27.Qc3 Qd7 28.f3 h5 29.Kf2 Ba6 
30.Qc6 Qxc6 31.Rxc6 Bb7 32.Rb6 R8d7 33.a5 Re5 34.a6 Bd5 35.Rb8+ Kh7 36.a7 Rf5 
37.Ra5 Bc6 38.Rxf5 exf5 39.a8=Q Bxa8 40.Rxa8 Kg6 41.h4 Rb7 42.Ra6+ Kh7 43.Ra7 1-0

[Event "Macieja Memorial"]
[Site "Warsaw POL"]
[Date "2024.07.08"]
[Round "10.8"]
[White "Markowski, Tomasz"]
[Black "Gahan, M G"]
[Result "1-0"]
[WhiteElo "2493"]
[BlackElo "2237"]
[EventDate "2024.07.08"]
[PlyCount "57"]

1.d4 Nf6 2.c4 g6 3.Nc3 d5 4.cxd5 Nxd5 5.g3 Bg7 6.Bg2 Nb6 7.e3 O-O 8.Nge2 e5 
9.d5 c6 10.e4 cxd5 11.exd5 Re8 12.O-O Na6 13.b3 Bg4 14.Ba3 e4 15.Rc1 Bf3 
16.Bxf3 exf3 17.Nf4 Qf6 18.d6 Qf5 19.Ncd5 Nxd5 20.Nxd5 Kh8 21.Rc4 Re2 22.Rf4 
Qh5 23.d7 Rd8 24.Rxf7 Nb8 25.Nf4 Qg4 26.h3 Qg5 27.Nxe2 fxe2 28.Qxe2 Nxd7 
29.Rxd7 1-0

[Event "Macieja Memorial"]
[Site "Warsaw POL"]
[Date "2024.07.08"]
[Round "10.9"]
[White "Nasuta, Grzegorz"]
[Black "Sanz Wawer, Daniel"]
[Result "1-0"]
[WhiteElo "2420"]
[BlackElo "2216"]
[EventDate "2024.07.08"]
[PlyCount "99"]

1.e4 e5 2.Nf3 Nf6 3.Nxe5 d6 4.Nf3 Nxe4 5.Bd3 Nf6 6.O-O Be7 7.c3 O-O 8.Bc2 Bg4 
9.d4 Nbd7 10.Re1 Re8 11.Bf4 Bf8 12.Nbd2 Rxe1+ 13.Qxe1 Qe7 14.Qf1 Re8 15.Qb5 Nb6 
16.h3 Bh5 17.a4 a6 18.Qf1 Bg6 19.Bxg6 hxg6 20.a5 Nbd5 21.Bh2 Qe2 22.Qxe2 Rxe2 
23.Kf1 Re8 24.Ra3 Ne4 25.Nxe4 Rxe4 26.Rb3 b5 27.axb6 Nxb6 28.Ra3 Nc4 29.Ra2 Re8 
30.b3 Nb6 31.Rxa6 Rb8 32.Ra5 Nd7 33.Nd2 Rb7 34.Ke2 f6 35.Kd3 Kf7 36.Kc2 g5 
37.Nc4 Ke6 38.Ne3 Nb6 39.d5+ Kf7 40.Nf5 g6 41.Nd4 f5 42.Nc6 Kf6 43.f3 f4 44.Bg1 
Kf5 45.Bd4 Nd7 46.Ra8 g4 47.hxg4+ Kg5 48.Nd8 Rb5 49.Ne6+ Kh4 50.Bf2# 1-0

[Event "Macieja Memorial"]
[Site "Warsaw POL"]
[Date "2024.07.08"]
[Round "10.11"]
[White "Malek, Jan"]
[Black "Szustakowski, Antoni"]
[Result "1-0"]
[WhiteElo "2344"]
[BlackElo "2207"]
[EventDate "2024.07.08"]
[PlyCount "127"]

1.c4 Nf6 2.Nc3 c5 3.Nf3 d5 4.cxd5 Nxd5 5.g3 Nc6 6.h4 g6 7.h5 Bg7 8.Bg2 Nxc3 
9.dxc3 Qxd1+ 10.Kxd1 Bg4 11.h6 O-O-O+ 12.Ke1 Bf6 13.Be3 c4 14.Nd2 Be6 15.Ne4 
Bd5 16.Kf1 Rhe8 17.f4 Kc7 18.Kf2 Bxe4 19.Bxe4 e6 20.Rad1 Ne7 21.Kf3 b6 22.g4 
Nd5 23.Bd4 Bxd4 24.Rxd4 f5 25.gxf5 gxf5 26.Rxc4+ Kb8 27.Bxd5 exd5 28.Rd4 Re6 
29.Rh5 Rde8 30.Rd2 R8e7 31.Rxf5 Rxh6 32.Rfxd5 Kc7 33.Rg5 Rh3+ 34.Rg3 Rh2 35.Rg2 
Rh3+ 36.Kf2 h5 37.Rd3 Rh4 38.e3 Rh1 39.Rd5 h4 40.Rh5 h3 41.Rg3 Rb1 42.b4 Rb2+ 
43.Kf3 h2 44.Rgh3 Rc2 45.Rxh2 Rxc3 46.Re2 a6 47.Rd5 Kc6 48.Rg5 Rc4 49.a3 Rc3 
50.a4 Rb3 51.b5+ axb5 52.axb5+ Rxb5 53.Rxb5 Kxb5 54.f5 Kc5 55.e4 Kd4 56.Rd2+ 
Kc3 57.Rd5 Rb7 58.f6 b5 59.e5 b4 60.e6 b3 61.e7 b2 62.Rd1 Kc2 63.Re1 Rb6 64.Ke4 1-0

[Event "Macieja Memorial"]
[Site "Warsaw POL"]
[Date "2024.07.08"]
[Round "10.12"]
[White "Bartel, Michal"]
[Black "Gdanski, Jacek"]
[Result "1-0"]
[WhiteElo "2250"]
[BlackElo "2315"]
[EventDate "2024.07.08"]
[PlyCount "55"]

1.e4 e5 2.Nc3 Nf6 3.g3 Bc5 4.Bg2 Nc6 5.Nge2 d6 6.Na4 h6 7.Nxc5 dxc5 8.d3 Be6 
9.Be3 b6 10.f4 Qd6 11.h3 O-O-O 12.O-O c4 13.fxe5 Qxe5 14.d4 Qb5 15.Qc1 Ne7 
16.d5 Bd7 17.Nd4 Qa6 18.a4 Ng6 19.b4 Rhe8 20.Rxf6 gxf6 21.Qf1 b5 22.axb5 Qb7 
23.Qxc4 Ne5 24.Qc3 Bxb5 25.Nxb5 Qxb5 26.Rxa7 Qc4 27.Qa1 Rg8 28.Qa4 1-0